<?xml version='1.0' encoding='UTF-8'?>
  <record xmlns="http://www.loc.gov/MARC21/slim">
    <leader>00000cam a22000007i 4500</leader>
    <controlfield tag="001">ocn702345952</controlfield>
    <controlfield tag="003">OCoLC</controlfield>
    <controlfield tag="005">20240412183148.4</controlfield>
    <controlfield tag="008">920130s1578    fr a          001 0 frm d</controlfield>
    <datafield tag="040" ind1=" " ind2=" ">
      <subfield code="a">YUS</subfield>
      <subfield code="b">eng</subfield>
      <subfield code="e">rda</subfield>
      <subfield code="e">dcrmr</subfield>
      <subfield code="c">YUS</subfield>
      <subfield code="d">OCLCF</subfield>
      <subfield code="d">OCLCO</subfield>
      <subfield code="d">OCLCQ</subfield>
      <subfield code="d">OCLCO</subfield>
      <subfield code="d">OCLCA</subfield>
      <subfield code="d">OCLCL</subfield>
      <subfield code="d">QGJ</subfield>
      <subfield code="d">OCLCO</subfield>
      <subfield code="d">OCLCA</subfield>
    </datafield>
    <datafield tag="035" ind1=" " ind2=" ">
      <subfield code="a">(OCoLC)702345952</subfield>
    </datafield>
    <datafield tag="041" ind1="0" ind2=" ">
      <subfield code="a">frm</subfield>
      <subfield code="a">tup</subfield>
    </datafield>
    <datafield tag="043" ind1=" " ind2=" ">
      <subfield code="a">s-bl---</subfield>
    </datafield>
    <datafield tag="100" ind1="1" ind2=" ">
      <subfield code="a">Léry, Jean de,</subfield>
      <subfield code="d">1534-1611,</subfield>
      <subfield code="e">author.</subfield>
      <subfield code="4">aut</subfield>
      <subfield code="1">https://id.oclc.org/worldcat/entity/E39PBJgmHJmB7QHPKDt97mWdQq</subfield>
    </datafield>
    <datafield tag="240" ind1="1" ind2="0">
      <subfield code="a">Histoire d'un voyage fait en la terre du Brésil</subfield>
    </datafield>
    <datafield tag="245" ind1="1" ind2="0">
      <subfield code="a">Histoire d'un voyage fait en las terre du Bresil, autrement dite Amerique. :</subfield>
      <subfield code="b">Contenant la nauigation, &amp; choses remarquables, veuës sur mer par l'aucteur, Le comportement de Villegagnon, en ce païs là. Les meurs &amp; façons de viure estranges des Sauuages Ameriquains, auec vn colloque de leur langage. Ensemble la description de plusieurs Animaux, Arbres, Herbes, &amp; autres choses singulieres, &amp; du tout inconues par deça, dont on verra les sommaires des chapitres au commencement du liure. Non encores mis en lumiere, pour les causes contenues en la preface. /</subfield>
      <subfield code="c">Le tout recueilli sur les lieux par Iean de Lery natif de la Margelle, terre dde sainct Sene au Duché de Bourgongne.</subfield>
    </datafield>
    <datafield tag="246" ind1="3" ind2=" ">
      <subfield code="a">Histoire d'vn voyage fait en las terre dv Bresil, avtrement dite Amerique</subfield>
    </datafield>
    <datafield tag="264" ind1=" " ind2="1">
      <subfield code="a">[La Rochelle] :</subfield>
      <subfield code="b">Pour Antoine Chuppin.,</subfield>
      <subfield code="c">M.D.LXXVIII. [1578]</subfield>
    </datafield>
    <datafield tag="300" ind1=" " ind2=" ">
      <subfield code="a">24 preliminary leaves, 424, [12] pages :</subfield>
      <subfield code="b">illustrations (woodcut) ;</subfield>
      <subfield code="c">17 cm (8vo)</subfield>
    </datafield>
    <datafield tag="336" ind1=" " ind2=" ">
      <subfield code="a">text</subfield>
      <subfield code="b">txt</subfield>
      <subfield code="2">rdacontent</subfield>
    </datafield>
    <datafield tag="337" ind1=" " ind2=" ">
      <subfield code="a">unmediated</subfield>
      <subfield code="b">n</subfield>
      <subfield code="2">rdamedia</subfield>
    </datafield>
    <datafield tag="338" ind1=" " ind2=" ">
      <subfield code="a">volume</subfield>
      <subfield code="b">nc</subfield>
      <subfield code="2">rdacarrier</subfield>
    </datafield>
    <datafield tag="340" ind1=" " ind2=" ">
      <subfield code="m">8vo</subfield>
      <subfield code="2">rdabf</subfield>
    </datafield>
    <datafield tag="500" ind1=" " ind2=" ">
      <subfield code="a">Signatures: ã⁸ ẽ⁸ ĩ⁸ A-Cc⁸ Dd⁴ Ee⁸ (Ee8 blank).</subfield>
    </datafield>
    <datafield tag="500" ind1=" " ind2=" ">
      <subfield code="a">With initials, head-piece, tail-piece and printed marginalia.</subfield>
    </datafield>
    <datafield tag="500" ind1=" " ind2=" ">
      <subfield code="a">Illustrations are full page woodcuts of Tupi Indians. The full page illustration on page 249 duplicates that on page 231.</subfield>
    </datafield>
    <datafield tag="500" ind1=" " ind2=" ">
      <subfield code="a">First edition. Some copies of this edition has imprint "A la Rochelle."</subfield>
    </datafield>
    <datafield tag="500" ind1=" " ind2=" ">
      <subfield code="a">Chapter 20 is a dialogue in Tupi and French (pages 340-377).</subfield>
    </datafield>
    <datafield tag="500" ind1=" " ind2=" ">
      <subfield code="a">Contains dedicatory poems by L. Daneau, and P. Melet.</subfield>
    </datafield>
    <datafield tag="500" ind1=" " ind2=" ">
      <subfield code="a">Errata statement on page [13] at end.</subfield>
    </datafield>
    <datafield tag="500" ind1=" " ind2=" ">
      <subfield code="a">Includes index.</subfield>
    </datafield>
    <datafield tag="500" ind1=" " ind2=" ">
      <subfield code="a">Errors in paging: 126, 255, 270, 286, 311, 314, 319, 366 misnumbered 124, 253, 170, 186, 295, 414, 303, 352, respectively.</subfield>
    </datafield>
    <datafield tag="510" ind1="4" ind2=" ">
      <subfield code="a">Sabin, J. Dictionary of books relating to America from its discovery to the present time,</subfield>
      <subfield code="c">40148</subfield>
    </datafield>
    <datafield tag="510" ind1="4" ind2=" ">
      <subfield code="a">European Americana,</subfield>
      <subfield code="c">I, 578/48</subfield>
    </datafield>
    <datafield tag="510" ind1="4" ind2=" ">
      <subfield code="a">Chaix, P. Livres imprimés à Genève de 1550 à 1600 (1966 edition),</subfield>
      <subfield code="c">p. 92</subfield>
    </datafield>
    <datafield tag="510" ind1="4" ind2=" ">
      <subfield code="a">Church, E.D. Catalogue of books relating to the discovery and early history of North and South America,</subfield>
      <subfield code="c">124</subfield>
    </datafield>
    <datafield tag="651" ind1=" " ind2="0">
      <subfield code="a">Brazil</subfield>
      <subfield code="x">Description and travel</subfield>
      <subfield code="v">Early works to 1800.</subfield>
    </datafield>
    <datafield tag="650" ind1=" " ind2="0">
      <subfield code="a">Indians of South America</subfield>
      <subfield code="z">Brazil</subfield>
      <subfield code="v">Early works to 1800.</subfield>
    </datafield>
    <datafield tag="650" ind1=" " ind2="0">
      <subfield code="a">Tupi language</subfield>
      <subfield code="v">Early works to 1800.</subfield>
    </datafield>
    <datafield tag="650" ind1=" " ind2="0">
      <subfield code="a">Tupinamba Indians</subfield>
      <subfield code="x">Social life and customs</subfield>
      <subfield code="v">Early works to 1800.</subfield>
    </datafield>
    <datafield tag="600" ind1="1" ind2="0">
      <subfield code="a">Villegaignon, Nicolas Durand de,</subfield>
      <subfield code="d">1510-1571?</subfield>
    </datafield>
    <datafield tag="651" ind1=" " ind2="0">
      <subfield code="a">Brazil</subfield>
      <subfield code="x">Description and travel.</subfield>
    </datafield>
    <datafield tag="650" ind1=" " ind2="0">
      <subfield code="a">Indians of South America</subfield>
      <subfield code="z">Brazil.</subfield>
    </datafield>
    <datafield tag="650" ind1=" " ind2="0">
      <subfield code="a">Tupi language.</subfield>
    </datafield>
    <datafield tag="651" ind1=" " ind2="6">
      <subfield code="a">Brésil</subfield>
      <subfield code="x">Descriptions et voyages.</subfield>
    </datafield>
    <datafield tag="650" ind1=" " ind2="6">
      <subfield code="a">Peuples autochtones</subfield>
      <subfield code="z">Brésil.</subfield>
    </datafield>
    <datafield tag="650" ind1=" " ind2="6">
      <subfield code="a">Tupi (Langue)</subfield>
    </datafield>
    <datafield tag="651" ind1=" " ind2="6">
      <subfield code="a">Brésil</subfield>
      <subfield code="x">Descriptions et voyages</subfield>
      <subfield code="v">Ouvrages avant 1800.</subfield>
    </datafield>
    <datafield tag="650" ind1=" " ind2="6">
      <subfield code="a">Peuples autochtones</subfield>
      <subfield code="z">Brésil</subfield>
      <subfield code="v">Ouvrages avant 1800.</subfield>
    </datafield>
    <datafield tag="650" ind1=" " ind2="6">
      <subfield code="a">Tupi (Langue)</subfield>
      <subfield code="v">Ouvrages avant 1800.</subfield>
    </datafield>
    <datafield tag="600" ind1="1" ind2="7">
      <subfield code="a">Villegaignon, Nicolas Durand de,</subfield>
      <subfield code="d">1510-1571?</subfield>
      <subfield code="2">fast</subfield>
      <subfield code="1">https://id.oclc.org/worldcat/entity/E39PBJrGv7Y8h67Yfx4yrkwV4q</subfield>
    </datafield>
    <datafield tag="650" ind1=" " ind2="7">
      <subfield code="a">Indians of South America</subfield>
      <subfield code="2">fast</subfield>
    </datafield>
    <datafield tag="650" ind1=" " ind2="7">
      <subfield code="a">Travel</subfield>
      <subfield code="2">fast</subfield>
    </datafield>
    <datafield tag="650" ind1=" " ind2="7">
      <subfield code="a">Tupi language</subfield>
      <subfield code="2">fast</subfield>
    </datafield>
    <datafield tag="651" ind1=" " ind2="7">
      <subfield code="a">Brazil</subfield>
      <subfield code="2">fast</subfield>
      <subfield code="1">https://id.oclc.org/worldcat/entity/E39QbtfRB9KGtqfkFTFbfB77QY</subfield>
    </datafield>
    <datafield tag="655" ind1=" " ind2="7">
      <subfield code="a">Reisbeschrijvingen (vorm)</subfield>
      <subfield code="2">gtt</subfield>
      <subfield code="0">(NL-LeOCL)088144704</subfield>
    </datafield>
    <datafield tag="655" ind1=" " ind2="7">
      <subfield code="a">Travel writing.</subfield>
      <subfield code="2">lcgft</subfield>
    </datafield>
    <datafield tag="655" ind1=" " ind2="7">
      <subfield code="a">Récits de voyages.</subfield>
      <subfield code="2">rvmgf</subfield>
    </datafield>
    <datafield tag="700" ind1="1" ind2=" ">
      <subfield code="a">Chuppin, Antoine,</subfield>
      <subfield code="d">-1609,</subfield>
      <subfield code="e">printer.</subfield>
      <subfield code="4">prt</subfield>
    </datafield>
    <datafield tag="700" ind1="1" ind2=" ">
      <subfield code="a">Daneau, Lambert,</subfield>
      <subfield code="d">approximately 1530-1595,</subfield>
      <subfield code="e">contributor.</subfield>
      <subfield code="4">ctb</subfield>
    </datafield>
    <datafield tag="700" ind1="1" ind2=" ">
      <subfield code="a">Melet, P.,</subfield>
      <subfield code="e">contributor.</subfield>
      <subfield code="4">ctb</subfield>
    </datafield>
    <datafield tag="700" ind1="1" ind2=" ">
      <subfield code="a">Coligny, François de,</subfield>
      <subfield code="d">1557-1591,</subfield>
      <subfield code="e">dedicatee.</subfield>
      <subfield code="4">dte</subfield>
    </datafield>
    <datafield tag="752" ind1=" " ind2=" ">
      <subfield code="a">France</subfield>
      <subfield code="d">La Rochelle,</subfield>
      <subfield code="e">publication place.</subfield>
      <subfield code="4">pup</subfield>
    </datafield>
    <datafield tag="758" ind1=" " ind2=" ">
      <subfield code="i">has work:</subfield>
      <subfield code="a">Histoire d'vn voyage fait en las terre dv Bresil, avtrement dite Amerique (Text)</subfield>
      <subfield code="1">https://id.oclc.org/worldcat/entity/E39PCH4RTB7rMdb76gBYcffF83</subfield>
      <subfield code="4">https://id.oclc.org/worldcat/ontology/hasWork</subfield>
    </datafield>
  </record>